[Event "Dos Hermanas-A"]
[Site "Dos Hermanas"]
[Date "2003.04.02"]
[Round "6"]
[White "Shirov, Alexei"]
[Black "Dreev, Alexey"]
[Result "1/2-1/2"]
[WhiteElo "2723"]
[BlackElo "2690"]
[Annotator "Lukacs,P"]
[PlyCount "91"]
[EventDate "2003.03.28"]
[EventType "tourn"]
[EventRounds "9"]
[EventCountry "ESP"]
[EventCategory "16"]
[SourceTitle "CBM 095"]
[Source "ChessBase"]
[SourceDate "2003.07.25"]
[SourceVersion "1"]
[SourceVersionDate "2003.07.25"]
[SourceQuality "1"]

1. e4 c6 2. d4 d5 3. Nc3 dxe4 4. Nxe4 Bf5 5. Ng3 Bg6 6. h4 h6 7. Nf3 Nd7 8. h5
Bh7 9. Bd3 Bxd3 10. Qxd3 e6 11. Bf4 Ngf6 12. O-O-O Be7 13. Ne4 O-O {This line
gives White a bit more chances for creating favourable complications.} (13...
Nxe4 14. Qxe4 Nf6 (14... a5 15. Kb1 a4 16. Ne5 Nf6 17. Qe2 {-
Yegiazarian-Haroutjunian, ARM-ch Yerevan 2001 CBM 86}) 15. Qd3 (15. Qe5 $6 {
The Q is only vulnerable here.} O-O (15... a5 16. Kb1 a4 17. c4 O-O {- 15...0-0
}) 16. Kb1 a5 17. Rhg1 (17. c4 a4 18. Bd2 Qb6 19. Bc3 Bb4 20. c5 Qb5 $15 {
and >< d5 is irreversibily weak, Ljubojevic-Anand, Amber Rapid Monte Carlo
2003.}) 17... Qd5 18. Qxd5 cxd5 {Now the P structure clearly favors Black and
White has no attacking chances.} 19. g4 Ne4 20. Rg2 b5 21. Ne5 Rfc8 $15 {
Westerinen-Rogers, Troll Masters Gausdal 1996}) (15. Qe2 Qd5 (15... Qa5 16. Kb1
O-O 17. Ne5 c5 $2 18. Ng6 $3 Rfe8 {was the safe try!} (18... fxg6 $6 {
accepting the sacrifice allows White a wonderful firework!} 19. Qxe6+ Kh8 20.
hxg6 Rae8 21. Bxh6 $1 {The second sacrifice...} gxh6 22. Qe3 $1 Ng4 (22... Ng8
23. Rxh6+ Kg7 24. Rh7+ Kxg6 25. Qe4+ $18) 23. Rxh6+ $1 {The third was easy...}
Kg7 24. Rh7+ Kxg6 25. Qe4+ $18 {Smolkov-Rumiantsev, St Petersburg 2002})) 16.
c4 Qe4 17. Qxe4 {- 15.Qd3}) 15... Qd5 (15... a5 16. c4 O-O 17. Kb1 b5 {Black
wants to create a stronghold for his N on d5.} 18. Ne5 (18. c5 $5 Nd5 19. Bd2
Nb4 {/\ Qd5}) 18... bxc4 19. Qxc4 Nd5 20. Nxc6 Qd7 {Black is happy to
sacrifice the weak c P, because he has good play on the opened lines against
the enemy K.} 21. Bd2 a4 22. Rhe1 Bf6 23. Ne5 Qb7 24. Rc1 Rfb8 25. Rc2 {
(A.Rodriguez-Lobron, Luzern ol (Men) 1982)} Rc8 26. Qd3 Rxc2 27. Qxc2 Rb8 28.
Rc1 Nb6 $44) (15... O-O {- 13...0-0}) (15... Qa5 $5 {is the new idea avoiding
the slightly worse _|_ arising after 15...Qd5.} 16. Kb1 O-O 17. Ne5 (17. g4 $5
{is the most aggressive try, suitable for Judit's style.} Nxg4 18. Rdg1 Qf5 (
18... Nxf2 {leads to immense complications:} 19. Qe2 Nxh1 (19... Bg5 20. Nxg5 (
20. Bxg5 hxg5 21. Nxg5 Kh8) 20... hxg5 21. Bxg5 Qd5 $1) 20. Qg2 $1 Bf6 21. Bxh6
(21. Be5 Qd8 (21... Bxe5 $2 22. Nxe5 g5 23. hxg6 $16) 22. Qxg7+ Bxg7 23. Rxg7+
Kh8 24. Rxf7+ $11) 21... Kh7 22. Bxg7 Rg8 23. h6 Qf5 24. Qxh1 $44 {Anand}) 19.
Qd2 g5 $1 20. hxg6 fxg6 21. Bxh6 Qxf3 22. Bxf8 Rxf8 23. d5 $1 {Judit finds the
best tactical chance!} cxd5 24. Qd4 Nf6 $1 25. Rxg6+ Kf7 26. Rhg1 Rc8 27. Rg7+
Kf8 28. Qh4 Ke8 29. Qa4+ Kf8 30. Qh4 Ke8 31. Qa4+ Kf8 {1/2:1/2 Ju.Polgar-Anand,
Wijk aan Zee 2003}) 17... Rad8 18. Qg3 Kh8 19. Rd3 {This is a typical R
manoeuvre here, there are lot of opportunities on the third rank.} (19. c4 Nd7
20. Rd3 Bf6 21. Ra3 Qb6 22. Qe3 c5 23. dxc5 Nxc5 24. Bxh6 $1 Bxe5 25. Qxe5 f6
26. Qe3 Rd7 27. Bf4 e5 $13 {Akopian-Bareev, Enghian les Bains 2003}) 19... Qb6
20. Be3 {provoking} Nd5 {when the N can be hit by c4 and the pressure is lost
on d4.} 21. Rb3 Qa6 22. Bc1 Bf6 23. f4 Ne7 24. Qf2 $14 {Z.Almasi-Bareev,
BIH-chT Jahorina 2003}) 16. c4 Qe4 $11 {Kramnik-Bareev, Wijk aan Zee 2003 CBM
93}) 14. Nxf6+ Nxf6 {[#]} 15. g4 $1 {[%mdl 128] Here this typical P sacrifice
looks very dangerous.} Nxg4 16. Rhg1 f5 (16... Nxf2 {wins the material, but
White gets a ferocious ->.} 17. Qd2 Nxd1 18. Bxh6 Qb6 $1 (18... Bf6 19. Bxg7
Bxg7 20. Qh6 $18) 19. Rxg7+ $1 {This is the decisive blow.} (19. Bxg7 $2 Qxb2+
20. Kxd1 Qb1+ 21. Ke2 Qxg1 22. Nxg1 Kxg7 $44) (19. Qxd1 $5) 19... Kh8 20. Qd3
Qxb2+ 21. Kxd1 Qb1+ 22. Ke2 Qb5 23. c4 Qf5 24. Qxf5 exf5 25. Ne5 $16) 17. Qe2
Kh7 $1 (17... Qd5 18. c4 $1 Qe4 19. Qxe4 fxe4 20. Rxg4 exf3 21. Bxh6 Bf6 22.
Bxg7 $18) 18. Qxe6 $16 {White stands better, but Dreev finds the best
counterplay.} Qd5 $1 (18... Rf6 19. Qe2 Bd6 20. Ne5 $16 {was easy.}) 19. Qxe7
Qxf3 20. Be5 Rg8 21. Qxb7 Qxf2 22. Kb1 ({missing the forced} 22. Qxc6 $1 Rac8
$1 (22... Qe3+ 23. Kb1 Nxe5 24. dxe5 Qxe5 25. Rd5 $16) 23. Bc7 $1 (23. Qg6+ Kh8
24. c3 Nxe5 25. dxe5 Qf4+ 26. Kb1 Qxe5 27. Rde1 $14) 23... Qe3+ 24. Kb1 $16)
22... Rae8 (22... Nxe5 23. dxe5 Rae8 24. Qxc6 Rxe5 {- 22...Rae8}) 23. Qxc6 Nxe5
24. dxe5 Rxe5 25. a4 ({The quiet} 25. Qg6+ Kh8 26. a3 $14 {gave more chances.})
25... Qc5 26. Qxc5 (26. Qg6+ Kh8 27. Rd8 Re7 $11) 26... Rxc5 27. Rd7 Ra5 (27...
a5 $14) 28. Rf7 f4 $1 $11 {"All the R endings are drawish!"} (28... Rxa4 29.
Rxf5 $14) 29. Rxf4 Rxh5 30. b4 g5 31. Rf7+ Rg7 32. Rxg7+ Kxg7 33. Kb2 Kf6 34.
b5 Ke5 35. Kb3 Kd5 36. Rd1+ Kc5 37. Rd7 g4 38. Rc7+ Kb6 39. Rc6+ Kb7 40. Rg6
Rg5 $1 {Black has a strong "Tarrasch R"} 41. Rxh6 g3 42. Rh1 g2 43. Rg1 Kb6 44.
Kb4 Rg4+ 45. c4 a5+ 46. bxa6 1/2-1/2

[Event "North Sea Cup 18th"]
[Site "Esbjerg"]
[Date "2003.07.09"]
[Round "6"]
[White "Nielsen, Peter Heine"]
[Black "Dreev, Alexey"]
[Result "0-1"]
[WhiteElo "2625"]
[BlackElo "2695"]
[Annotator "Lukacs,P"]
[PlyCount "80"]
[EventDate "2003.06.04"]
[EventType "tourn"]
[EventRounds "9"]
[EventCountry "DEN"]
[EventCategory "15"]
[SourceTitle "CBM 096"]
[Source "ChessBase"]
[SourceDate "2003.09.25"]
[SourceVersion "1"]
[SourceVersionDate "2003.09.25"]
[SourceQuality "1"]

1. e4 c6 2. d4 d5 3. Nd2 dxe4 4. Nxe4 Bf5 5. Ng3 Bg6 6. h4 h6 7. Nf3 Nd7 8. h5
Bh7 9. Bd3 Bxd3 10. Qxd3 e6 11. Bf4 Ngf6 12. O-O-O Be7 13. Kb1 O-O 14. Ne4 Qa5
{[#]} 15. g4 $1 {[%mdl 8] This is an important novelty, this type of P
sacrifice was already seen in slightly different positions already.} (15. Nxf6+
Nxf6 {- Akopian-Bareev, Enghien les Bains 2003 CBM 96}) (15. Ne5 Rad8 16. Nxf6+
Nxf6 {- Akopian-Bareev, Enghien les Bains 2003 CBM 96}) 15... Nxg4 (15... Nxe4
16. Qxe4 Nf6 17. Qe2 (17. Qe5 Qd5 $1) 17... Nxg4 {is the other version of
accepting the P sac.} 18. d5 $1 {closing the way for the enemy Q on the fifth
rank.} (18. Rdg1 Qf5 19. Ne5 Qxf4 20. Rxg4 Qf5 21. Rhg1 Bf6 22. Nd7 Rfd8 23.
Nxf6+ Qxf6 24. Qe5 Qxe5 25. dxe5 Kh8 26. Rxg7 Rg8 $11 {is not enough for White.
}) 18... Qb6 (18... Bf6 19. dxe6 Qb4 {is simply parried by} 20. c4 Qxb2+ 21.
Qxb2 Bxb2 22. e7 $1 {This is an important intermediate move.} (22. Kxb2 fxe6)
22... Rfe8 23. Kxb2 Nxf2 24. Bd6 $16 {holding the dangerous o^ on e7.}) (18...
cxd5 19. Rhg1 Nf6 20. Bxh6 $40) 19. Nd4 $1 (19. Nd2 {is not so clear in view of
} Nf6 $1 20. Nc4 (20. dxe6 Nd5 $1) 20... Qb5 21. dxe6 Nd5 22. exf7+ Rxf7 23.
Be5 Nb6 24. Rd4 Bc5 $132) 19... Nf6 20. dxe6 Nd5 21. Qg4 Nc3+ 22. Ka1 Nxd1 23.
Rxd1 Bf6 24. Bxh6 $40 {with a very strong -> for the sacrificed exchange.}) 16.
Ne5 $1 {[#]} f5 (16... Ngxe5 17. dxe5 {gives White a very good position for
the sacrificed P.} Rad8 (17... Nc5 18. Nxc5 Qxc5 19. Qg3 Kh7 20. Rd7 $16 {
with penetration on the 7-th rank.}) (17... Nxe5 18. Qg3 $16) 18. Qg3 $1 {
leaves more options for White.} (18. Rdg1 Kh8 19. Qg3 $1 {- 18.Qg3} (19. Bxh6
gxh6 20. Qe3 Kh7 21. Qd3 Kh8 $11) (19. Qe3 Kh7 $11 (19... Rg8 20. Bxh6 Nxe5 21.
Bg5 Nc4 22. Qc1 $13))) 18... Kh8 19. Nd6 $1 (19. Rhg1 Rg8 20. Rxd7 $1 Rxd7 21.
Bxh6 Bf8 22. Bc1 $1 $40 (22. Nf6 $6 Rd1+ $1 23. Rxd1 gxf6 24. Qe3 Qxe5 25. Qc1
Kh7)) 19... Bxd6 20. Rxd6 $16 {and White has a strong pressure on the d <->
and on the >> for the P.}) 17. Nxg4 ({missing the devastating} 17. Nxd7 $1 fxe4
18. Qg3 $1 (18. Qxe4 Qf5) 18... Qf5 19. Nxf8 Rxf8 20. Be3 $16 {and Black has
no adequate compensation for the exchange.}) 17... fxe4 (17... fxg4 {deserves
attention as well.} 18. Bxh6 (18. Qe3 Rae8 19. Rdg1 Qf5 20. Bd6 Qf3 $132) 18...
gxh6 19. Nc5 Nxc5 20. Qg6+ Kh8 21. Qxh6+ Kg8 {is no more than a perpetual
check.}) 18. Qxe4 Qf5 19. Qe2 {White overestimates his attacking possibilities.
The situation has been changed rapidly, he had to go for a slightly better _|_.
} (19. Qxf5 exf5 20. Ne3 $14 {looked a bit better.}) 19... Nf6 20. Nxf6+ Bxf6
21. Be3 (21. Bd6 Rfd8 22. Be5 Bxe5 23. dxe5 Rd5 $11 {is an equal _|_ again.})
21... Rad8 $11 {Black has fully equalized, White's attacking chances vanished
forever.} 22. Rdg1 Kh7 (22... Bxd4 23. Bxh6 Qxf2 24. Qxe6+ Qf7 25. Qe1 Bxg1 26.
Rxg1 Qxh5 27. Bxg7 Qd1+ 28. Qxd1 Rxd1+ 29. Rxd1 Kxg7 $11 {is a completely
drawish R _|_.}) 23. Rg4 e5 24. dxe5 Qxe5 (24... Bxe5 25. Rhg1 $14) 25. c3 (25.
Rb4 $2 b5 26. Qg4 a5 27. Rb3 a4 $17) 25... Qf5+ 26. Qc2 (26. Ka1 Rd5 $11) 26...
Qxc2+ 27. Kxc2 a6 28. Rb4 Rf7 29. Rh3 $2 {White loses his sense of danger.} (
29. Re4 $11 {was still equal.}) 29... Re7 $1 $15 {occupying the important e
<->.} 30. Rf4 Rd5 31. c4 Rde5 32. Rg4 $6 (32. b4 $15) 32... Rf5 {Black's
pieces become more and more active.} 33. Rg1 b5 $1 {opening the second front
on the <<. It is remarkable, how quickly White collapses in this seemingly
inconnous _|_.} 34. cxb5 (34. Rg4 Ree5 $17) 34... cxb5 $17 35. Rd1 a5 $1 {/\ a4
} 36. b3 (36. Rd6 Rc7+ 37. Kb1 a4 $17) 36... Rc7+ 37. Kb1 a4 38. Rhh1 axb3 39.
axb3 Rc3 40. Ka2 b4 0-1

[Event "HUN-ch 54th"]
[Site "Budapest"]
[Date "2004.08.22"]
[Round "4"]
[White "Almasi, Zoltan"]
[Black "Gyimesi, Zoltan"]
[Result "0-1"]
[WhiteElo "2644"]
[BlackElo "2618"]
[Annotator "Lukacs,P"]
[PlyCount "86"]
[EventDate "2004.08.19"]
[EventType "tourn"]
[EventRounds "9"]
[EventCountry "HUN"]
[EventCategory "13"]
[SourceTitle "CBM 103"]
[Source "ChessBase"]
[SourceDate "2004.11.11"]
[SourceVersion "1"]
[SourceVersionDate "2004.11.11"]
[SourceQuality "1"]

1. e4 c6 2. d4 d5 3. Nc3 dxe4 4. Nxe4 Bf5 5. Ng3 Bg6 6. h4 h6 7. Nf3 Nd7 8. h5
Bh7 9. Bd3 Bxd3 10. Qxd3 Ngf6 11. Bf4 e6 12. O-O-O Be7 13. Kb1 Qa5 14. Ne5 O-O
15. Qb3 Nxe5 16. dxe5 Nd5 17. Bd2 Qb5 $1 {Black is happy to play a slightly
worse _|_.} (17... Qc7 {- Leko-Anand, Semi-finals Dortmund 2004 CBM 103}) 18.
c4 (18. Ne4 Rfd8 19. Qg3 Kh8 $13) (18. Qxb5 cxb5 19. Ne4 Rac8 $11) 18... Qxb3
19. axb3 Nc7 $5 (19... Nb4 $2 {allows the penetration on the seventh rank after
} 20. Bxb4 Bxb4 21. Rd7 $16) (19... Nb6 {The N defends the d7 square but
remains passive.} 20. Ne4 Rad8 21. Be3 $14) 20. Ba5 (20. Ne4 Rfd8 21. Be3 $14 {
is the other (more natural) setup of the pieces.}) 20... Na6 (20... b6 $2 21.
Rd7 $1 $16) 21. Ne4 (21. Rd7 {looks premature.} Bd8 22. Bc3 $5 (22. Bxd8 Rfxd8
23. Rhd1 Rxd7 24. Rxd7 Nc5 {equalizes with ease.} 25. Rd6 (25. Rc7 a5) 25... a5
$11) 22... Nc5 23. Rdd1 Nxb3 24. Kc2 Nc5 25. Bb4 Be7 26. Bxc5 Bxc5 27. Ne4 Bb4
28. Rd7 $44) 21... b6 22. Rd7 $5 (22. Bc3 Nc5 23. Nxc5 Bxc5 24. Bd4 Bxd4 25.
Rxd4 f6 $1 $11 {and the R _|_ is drawish, business as usual.}) 22... Nc5 23.
Rxe7 (23. Nxc5 Bxc5 24. Bc3 Rfd8 $11) 23... Nxe4 24. Be1 Rfd8 25. Kc2 a5 $1 26.
Rh3 (26. f3 Nc5 27. Rc7 Rac8 28. Rxc8 Rxc8 29. Bf2 Nd7 30. Rd1 Rc7 31. Rd6 Kf8
$11 {and Black can hold the _|_.}) 26... a4 27. Rf3 (27. Rc7 c5 (27... axb3+
28. Rxb3 Ra1 29. Re3 Nc5 30. Bc3 $14) 28. Re3 Rd4 29. Rb7 axb3+ 30. Kxb3 Nd2+
31. Bxd2 Rxd2 32. Rf3 Rf8 33. Rxb6 Re2 $11 {is again a drawish R _|_.}) 27...
a3 ({There was nothing wrong with} 27... axb3+ 28. Kxb3 Ra1 29. Bb4 c5 $11) 28.
Rfxf7 {Now it becomes very exciting!} (28. bxa3 Rxa3 29. Rfxf7 Ra2+ 30. Kb1 (
30. Kc1 Ra1+) 30... Re2 31. Rxg7+ Kf8 $11) 28... a2 29. Rxg7+ Kh8 30. Rh7+ Kg8
31. Reg7+ Kf8 {[#]} 32. Ra7 $4 {[%mdl 8192] This is a serious blunder, White
pushes too hard and forgets about a check!} (32. Rf7+ $11) 32... a1=N+ $1 $19 {
Now the game is over!} (32... a1=Q $140 $4 33. Rh8#) 33. Kc1 Nxb3+ 34. Kc2 Nd4+
35. Kc1 Rxa7 36. Rxa7 Nc5 (36... Ne2+ 37. Kc2 Nf4 $19) 37. Bb4 Kg8 38. Kb1 Rf8
39. f3 Rf5 40. Ra8+ Kf7 41. Rb8 Rxh5 42. Ka2 Rh1 43. b3 Rh2 0-1

[Event "WchT 5th"]
[Site "Yerevan"]
[Date "2001.10.15"]
[Round "4.4"]
[White "Motylev, Alexander"]
[Black "Asrian, Karen"]
[Result "1/2-1/2"]
[WhiteElo "2641"]
[BlackElo "2604"]
[Annotator "Lukacs,P"]
[PlyCount "89"]
[EventDate "2001.10.12"]
[EventType "team-tourn"]
[EventRounds "9"]
[EventCountry "ARM"]
[SourceTitle "CBM 086"]
[Source "ChessBase"]
[SourceDate "2002.02.05"]
[SourceVersion "1"]
[SourceVersionDate "2002.02.05"]
[SourceQuality "1"]
[WhiteTeam "Russia"]
[BlackTeam "Armenia"]
[WhiteTeamCountry "RUS"]
[BlackTeamCountry "ARM"]

1. e4 {[%mdl 4]} c6 2. d4 d5 3. Nc3 dxe4 4. Nxe4 Bf5 5. Ng3 Bg6 6. h4 h6 7. Nf3
e6 8. Ne5 Bh7 9. Bd3 Bxd3 10. Qxd3 Nd7 11. f4 c5 {Black immediately wants to
blow up White's strong [+].} 12. Be3 Qa5+ 13. Bd2 Qa4 $1 {This is the critical
position here, the Q is well-posted on a4.} (13... Qc7 {- Illescas-Dreev, Dos
Hermanos-A 2001 CBM 83}) 14. Bc3 $6 {After this move White's position lacks
harmony.} (14. Nxd7 Qxd7 15. Bc3 {The B is again not so nice here.} O-O-O 16.
O-O-O Nf6 17. Kb1 Qc6 18. Qc4 b5 {blockading the light squares and securing
the vital >< d5.} 19. Qe2 c4 {1/2:1/2 Khurschiov-Svetushkin, ULIM Cup Kishnev
MDA 2001}) (14. Qf3 {This is the tactical way winning >< b7, but Black gets
some tempi for it.} Ngf6 15. Qxb7 Rb8 16. Qc7 cxd4 17. b3 (17. f5 $6 Nd5 18.
Qxd7+ Qxd7 19. Nxd7 Kxd7 20. fxe6+ Kxe6 $15 {and the _|_ is not very
perspective for White because of the weaknesses in the P structure and the
lack of harmony between his pieces.}) 17... Qa6 18. Qc6 (18. Ne4 Qb7) 18... Rb6
19. Qa8+ Rb8 20. Qc6 Rb6 {and the draw by perpetual check was inevitable:} 21.
Qa8+ Rb8 {1/2:1/2 Topalov-Dreev, Bosnia Saraevo 2001}) (14. d5 $5 {is highly
topical.} Ne7 15. dxe6 $5 {- Ye Jiangchuan-Dreev, Summit Men 2001 CBM 85} (15.
c4 {- Zhang Zhong-Dreev, CHN-RUS Summit Men 2001 CBM 85})) 14... Rd8 $1 15. b3
Nxe5 16. fxe5 Qc6 17. Ne4 cxd4 18. O-O-O (18. Bxd4 Ba3 $15) 18... Ne7 $1 19.
Ba5 (19. Nd6+ Rxd6 20. exd6 dxc3 21. dxe7 Bxe7 $44 {and Black has a phantastic
compensation for the exchange.}) (19. Bxd4 $2 Nf5 $19) 19... Rd5 (19... b6 {
was also interesting, fort example:} 20. Nd6+ Rxd6 21. exd6 Qxd6 (21... Nf5 22.
Rhe1 $1) 22. Bc3 e5 23. Rhe1 f6 {holding the mighty P chain in the [+].}) 20.
Nd6+ Kd7 21. Rhf1 $2 (21. Nxf7 {was better, although White's position is
rather ugly after} Rxa5 $1 (21... Rg8 22. Bd2) 22. Nxh8 Nd5 23. Qxd4 Rxa2 24.
c4 Bc5 25. Qg4 Kc7 $1 26. Qxg7+ (26. Rxd5 exd5 27. Qxg7+ Kb6) 26... Kb6 $40)
21... f5 $2 {missing the clear-cut win!} (21... Rxa5 $1 {was even better than
in the previous note.} 22. Nxf7 Nd5 23. Nxh8 Ba3+ 24. Kb1 Nc3+ 25. Ka1 Bd6 $19)
22. exf6 Qxd6 23. fxe7 Bxe7 24. Bd2 Bf6 25. g4 $1 {White is a P down, but his
K is in safety, while the black one is in the middle.} (25. Kb1 Kc8 $17) 25...
Re8 (25... Kc8 26. g5 hxg5 27. hxg5 Bxg5 28. Bxg5 Rxg5 29. Qc4+ (29. Qxd4 Qxd4
30. Rxd4 Rd5 $15 {Black has an extra P in the R _|_, but usually this is very
difficult to win.}) 29... Rc5 30. Rxd4 Qe5 31. Qd3 Rd5 $15) 26. g5 hxg5 27.
hxg5 Bxg5 28. Bxg5 Rxg5 29. Qc4 (29. Qxd4 Qxd4 30. Rxd4+ Rd5 $15 {and the K is
better than in the 25...Kc8 line.}) 29... b5 (29... Rd5 $5 30. Qa4+ Ke7) 30.
Rf7+ Re7 31. Qf1 $6 (31. Qxd4 Qxd4 32. Rxd4+ Rd5 $15 {leads again to the R _|_,
but usually this is the best practical chance.}) 31... Rd5 $17 32. Rf8 Kc6 33.
a4 Kb7 34. axb5 Rc7 35. Kb1 Qc5 {Now suddenly Black creates threats against
the white K.} 36. Rd2 Qxb5 $2 {Choosing the R _|_ instead of a stormy -> is
not logical.} (36... d3 $1 {gave excellent attacking chances against the white
K, for example:} 37. c4 Qb4 38. cxd5 Qxd2 39. dxe6 (39. d6 Qc2+ 40. Ka1 d2)
39... Qc2+ 40. Ka1 d2 $19) 37. Qxb5+ Rxb5 38. Rxd4 g5 39. Re4 Rg7 40. Rxe6 g4
41. Rf2 g3 42. Rg2 Rf5 43. Re3 Rfg5 44. Kb2 a5 45. Rd3 1/2-1/2